Heart of Midlothian FC European opponents (since 2020) - Statistics

General Stats
  • This quiz has been taken 11 times
  • The average score is 10 of 13
Answer Stats
Hint Answer % Correct
22/23 Fiorentina
100%
24/25 Cercle Brugge
89%
23/24 PAOK
89%
24/25 Copenhagen
78%
24/25 Dinamo Minsk
78%
24/25 Heidenheim
78%
24/25 Omonia
78%
23/24 Rosenburg
78%
22/23 Zurich
78%
22/23 Istanbul Basaksehir
67%
24/25 Viktoria Plzen
67%
24/25 Petrocub
56%
22/23 RFS
56%
No matching quizzes found
Score Distribution
Percent of People with Each Score
Percentile by Number Answered
Your Score History
You have not taken this quiz